| 000 | 01573cam a22003495a 4500 | ||
|---|---|---|---|
| 999 |
_c21932 _d21904 |
||
| 001 | 17700106 | ||
| 003 | EG-ScBUE | ||
| 005 | 20210130121922.0 | ||
| 008 | 130416t2013 nyu f 000 1 eng d | ||
| 020 | _a9780062330529 | ||
| 035 | _a(OCoLC)ocn850420480 | ||
| 040 |
_aUPZ _beng _erda _cUPZ _dBTCTA _dJAO _dJQM _dOCLCQ _dJAG _dOCLCO _dIP6 _dATIGN _dTXA _dWIQ _dDLC _dEG-ScBUE |
||
| 082 | 0 | 4 |
_a813.6 _bLOR _222 |
| 100 | 1 |
_aLore, Pittacus, _eauthor. _940277 |
|
| 245 | 1 | 4 |
_aThe fall of five / _cPittacus Lore. |
| 250 | _aInternational edition. | ||
| 264 | 1 |
_aNew York, NY : _bHarper Collins Publishers, _c[2013] |
|
| 264 | 4 | _cc2013 | |
| 300 |
_a421 pages ; _c17 cm. |
||
| 336 |
_2rdacontent _atext _btxt |
||
| 337 |
_2rdamedia _aunmediated _bn |
||
| 338 |
_2rdacarrier _avolume _bnc |
||
| 490 | 0 | _aI am number four | |
| 490 | 0 |
_aLorien legacies ; _vbk. 4 |
|
| 520 | _aAfter facing off with the Mogadorian ruler and almost being annihilated, the Garde go into hiding. They must learn to master their Legacies and learn to work together as a team. When they receive a sign from Number Five -- a crop circle in the shape of a Loric symbol -- they know they are close to being reunited. But could it be a trap? Time is running out, and the only thing they know for certain is that they have to get to Five before it's too late. | ||
| 650 | 7 |
_aExtraterrestrial beings _vJuvenile fiction. _2BUEsh _940278 |
|
| 650 | 7 |
_aFriendship _vJuvenile fiction. _2BUEsh _940191 |
|
| 651 | _2BUEsh | ||
| 653 |
_cJune2016 _dBestSellers _bHHUUEENN |
||
| 655 |
_vReading book _934232 |
||
| 942 |
_2ddc _cBB |
||